| 000 | 01642nam a2200349 c 4500 | ||
|---|---|---|---|
| 001 | 59632 | ||
| 003 | CO-BoRNBP | ||
| 005 | 20251024165333.0 | ||
| 007 | ta | ||
| 008 | 161128r2006 mx ad gr 000 0dspa d | ||
| 020 | _a9702407796 | ||
| 040 |
_aCO-BoRNBP _bspa _erda _cCO-BoRNBP |
||
| 041 | 0 | _aspa | |
| 082 | 0 | 4 |
_a512 _bB14a |
| 100 |
_aBaldor, Aurelio _d1906-1978 _eaut _91949 |
||
| 245 | 1 | 0 |
_aÁlgebra. / _cAurelio Baldor. |
| 250 | _aPrimera edición. Primera reimpresión | ||
| 264 | 1 |
_aMéxico : _bCultural, _c2006 |
|
| 300 |
_a576 páginas : _bilustraciones y gráficos a color |
||
| 336 |
_atexto _btxt _2rdacontent |
||
| 337 |
_asin mediación _bn _2rdamedia |
||
| 338 |
_avolumen _bnc _2rdacarrier |
||
| 500 | _aIncluye datos biográficos | ||
| 505 | 0 | _aSuma -- Resta -- Signos de agrupación -- Multiplicación -- División -- Productos y cocientes notables -- Teorema del residuo -- Ecuaciones enteras de primer grado con una incógnita -- Problemas sobre ecuaciones enteras de primer grado con una incógnita -- Descomposición factorial -- Máximo común divisor -- Máximo común múltiplo -- Fracciones algebraicas -- Operaciones con fracciones algebraicas -- Ecuaciones numéricas fraccionarias de primer grado con una incógnita -- Ecuaciones literales de primer grado con una incógnita -- Problemas | |
| 521 | 1 | _aRecomendado para un público adulto | |
| 650 | 0 | 7 |
_aAlgebra _vProblemas, ejercicios, etc. _2lemb _965736 |
| 650 | 0 | 7 |
_aAlgebra _xHistoria _2lemb _966121 |
| 650 | 0 | 7 |
_aEcuaciones _2lemb _99827 |
| 650 | 0 | 7 |
_aFunciones algebraicas _2lemb _966117 |
| 650 | 0 | 7 |
_aTeorema de Pitágoras _2lemb _966122 |
| 942 |
_2ddc _cBK |
||
| 999 |
_c59632 _d59632 |
||